Los cazadores de ratas y otros cuentos feroces /
Los géneros literarios conocidos como "menores" (la ciencia ficción, el policial y el terror) encontraron un camino de crecimiento y desarrollo a través del cine. Quiroga no escapó a ellos, por un lado porque era un gran admirador del llamado séptimo arte, y por otro porque fue pionero en...
Guardado en:
| Autor Principal: | |
|---|---|
| Otros Autores: | |
| Formato: | Libro |
| Idioma: | Undetermined |
| Publicado: |
Buenos Aires :
Norma,
2014.
|
| Edición: | 1a ed. |
| Series: | Grandes obras de la literatura universal ;
26 |
| Materias: | |
| Etiquetas: |
Agregar Etiqueta
Sin Etiquetas, Sea el primero en etiquetar este registro!
|
| LEADER | 01632nam a22002535a 4500 | ||
|---|---|---|---|
| 001 | CEM.cems021135 | ||
| 008 | 240503s2014####ag############000#0#und#d | ||
| 005 | 20240503171309.0 | ||
| 245 | 1 | 0 | |a Los cazadores de ratas y otros cuentos feroces / |c Horacio Quiroga ; ilustrado por Manuel Purdía. |
| 250 | |a 1a ed. | ||
| 260 | |a Buenos Aires : |b Norma, |c 2014. | ||
| 300 | |a 128 p. | ||
| 490 | 1 | |a Grandes obras de la literatura universal ; |v 26 | |
| 500 | |a Incluye actividades de comprensión y análisis. | ||
| 505 | 0 | |a Los cazadores de ratas -- La insolación -- El alambre de púa -- El monte negro -- A la deriva -- El león -- El canto del cisne -- Fantasía nerviosa -- El solitario -- Recuerdos de un sapo | |
| 520 | |a Los géneros literarios conocidos como "menores" (la ciencia ficción, el policial y el terror) encontraron un camino de crecimiento y desarrollo a través del cine. Quiroga no escapó a ellos, por un lado porque era un gran admirador del llamado séptimo arte, y por otro porque fue pionero en incursionar en lo nuevo de su época. En especial, simpatizaba con el terror, una forma de contar historias que incluyera momentos fuertes y extraños a la vez, de gran impacto emocional y psicológico, que provoca que no podamos permanecer iguales luego de leerlas, ya que está tan marcada por el miedo, lo peligroso, lo ominoso. | ||
| 020 | |a 9789875456518 | ||
| 100 | 1 | |a Romana, Cecilia. | |
| 700 | 1 | |a Purdía, Manuel; il. | |
| 653 | |a Cuentos | ||
| 653 | |a Cuentos uruguayos | ||
| 653 | |a Literatura uruguaya | ||
| 653 | |a Cuentos-Antología | ||
| 859 | |a CEMS |b BIB. CEMS - Inicial y Primaria |h U868.4 |i Q484 |k IP |p 5057 |t Ej.1 | ||
